An investigation of the solar radiation at Singapore /
Saved in:
| Main Author: | |
|---|---|
| Format: | Thesis Book |
| Language: | English |
| Published: |
Singapore,
1962.
|
| Subjects: | |
| Tags: |
Add Tag
No Tags, Be the first to tag this record!
|
| LEADER | 00709cam a2200229 a 4500 | ||
|---|---|---|---|
| 001 | u145596 | ||
| 003 | SIRSI | ||
| 008 | 920304s1962 si a v 00 1 eng m | ||
| 035 | |a AAQ-9724 | ||
| 040 | |a UMM | ||
| 090 | |a QC911 |b Tan | ||
| 100 | 0 | |a Tan, B. C. |q (Beng Cheok) | |
| 245 | 1 | 3 | |a An investigation of the solar radiation at Singapore / |c Tan Beng-cheok. |
| 260 | |a Singapore, |c 1962. | ||
| 300 | |a i, 155 p. : |b ills. ; |c 27 cm. | ||
| 500 | |a Typescript. | ||
| 502 | |a Thesis (M.Sc.) -- University of Singapore, 1962. | ||
| 504 | |a Bibliography: p. 148-155. | ||
| 650 | 0 | |a Solar radiation. | |
| 948 | |a 10/03/1992 |b 13/08/2002 | ||
| 596 | |a 1 | ||
| 999 | |a QC911 TAN |w LC |c 1 |i A003147973 |l STACKS |m P01UTAMA |r Y |s Y |t TESIS |u 19/3/1992 | ||
